Tous les Pokémon (1008) DANS L'ORDRE ! - Statistiques

Statistiques générales
  • Ce quiz a été pris 296 fois
    224 depuis la dernière actualisation
  • Le résultat moyen est 366 sur 1008
Statistiques - réponses
Nom % Correct
001 Bulbizarre
100%
002 Herbizarre
94%
003 Florizarre
92%
004 Salamèche
91%
006 Dracaufeu
90%
005 Reptincel
89%
007 Carapuce
84%
008 Carabaffe
83%
009 Tortank
83%
010 Chenipan
80%
011 Chrysacier
79%
012 Papilusion
78%
013 Aspicot
77%
014 Coconfort
77%
015 Dardargnan
77%
016 Roucool
77%
017 Roucoups
77%
018 Roucarnage
76%
021 Piafabec
73%
025 Pikachu
73%
022 Rapasdepic
73%
019 Rattata
73%
020 Rattatac
73%
023 Abo
72%
024 Arbok
72%
026 Raichu
72%
027 Sabelette
67%
028 Sablaireau
67%
029 Nidoran♀
66%
034 Nidoking
64%
031 Nidoqueen
64%
032 Nidoran♂
64%
030 Nidorina
64%
033 Nidorino
64%
038 Feunard
61%
037 Goupix
61%
040 Grodoudou
61%
036 Mélodelfe
61%
035 Mélofée
61%
042 Nosferalto
61%
041 Nosferapti
61%
039 Rondoudou
61%
049 Aéromite
60%
048 Mimitoss
60%
043 Mystherbe
60%
044 Ortide
60%
046 Paras
60%
047 Parasect
60%
045 Rafflesia
60%
151 Mew
59%
150 Mewtwo
59%
052 Miaouss
59%
053 Persian
59%
055 Akwakwak
58%
057 Colossinge
58%
148 Draco
58%
149 Dracolosse
58%
056 Férosinge
58%
147 Minidraco
58%
054 Psykokwak
58%
050 Taupiqueur
58%
051 Triopikeur
58%
063 Abra
57%
065 Alakazam
57%
059 Arcanin
57%
144 Artikodin
57%
070 Boustiflor
57%
058 Caninos
57%
069 Chétiflor
57%
085 Dodrio
57%
084 Doduo
57%
145 Électhor
57%
071 Empiflor
57%
078 Galopa
57%
075 Gravalanch
57%
076 Grolem
57%
064 Kadabra
57%
066 Machoc
57%
067 Machopeur
57%
068 Mackogneur
57%
081 Magnéti
57%
082 Magnéton
57%
077 Ponyta
57%
060 Ptitard
57%
074 Racaillou
57%
146 Sulfura
57%
062 Tartard
57%
072 Tentacool
57%
073 Tentacruel
57%
061 Têtarte
57%
139 Amonistar
56%
138 Amonita
56%
083 Canarticho
56%
080 Flagadoss
56%
089 Grotadmorv
56%
140 Kabuto
56%
141 Kabutops
56%
087 Lamantine
56%
086 Otaria
56%
142 Ptéra
56%
079 Ramoloss
56%
143 Ronflex
56%
088 Tadmorv
56%
091 Crustabri
54%
094 Ectoplasma
54%
101 Électrode
54%
092 Fantominus
54%
156 Feurisson
54%
152 Germignon
54%
155 Héricendre
54%
090 Kokiyas
54%
153 Macronium
54%
154 Méganium
54%
093 Spectrum
54%
100 Voltorbe
54%
160 Aligatueur
53%
134 Aquali
53%
133 Évoli
53%
162 Fouinar
53%
161 Fouinette
53%
163 Hoothoot
53%
097 Hypnomade
53%
158 Kaiminus
53%
099 Krabboss
53%
098 Krabby
53%
130 Léviator
53%
129 Magicarpe
53%
103 Noadkoko
53%
164 Noarfang
53%
102 Noeunoeuf
53%
095 Onix
53%
105 Ossatueur
53%
104 Osselait
53%
137 Porygon
53%
136 Pyroli
53%
096 Soporifik
53%
157 Typhlosion
53%
135 Voltali
53%
165 Coxy
52%
166 Coxyclaque
52%
159 Crocrodil
52%
125 Élektek
52%
117 Hypocéan
52%
116 Hypotrempe
52%
123 Insécateur
52%
115 Kangourex
52%
113 Leveinard
52%
124 Lippoutou
52%
131 Lokhlass
52%
126 Magmar
52%
132 Métamorph
52%
168 Migalos
52%
167 Mimigal
52%
111 Rhinocorne
52%
112 Rhinoféros
52%
127 Scarabrute
52%
109 Smogo
52%
110 Smogogo
52%
120 Stari
52%
121 Staross
52%
128 Tauros
52%
108 Excelangue
51%
106 Kicklee
51%
122 M. Mime
51%
118 Poissirène
51%
119 Poissoroy
51%
114 Saquedeneu
51%
107 Tygnon
51%
169 Nostenfer
50%
180 Lainergie
49%
181 Pharamp
49%
179 Wattouat
49%
246 Embrylex
48%
250 Ho-Oh
48%
171 Lanturn
48%
170 Loupio
48%
249 Lugia
48%
248 Tyranocif
48%
247 Ymphect
48%
184 Azumarill
47%
257 Braségali
47%
251 Celebi
47%
244 Entei
47%
259 Flobio
47%
256 Galifeu
47%
258 Gobou
47%
260 Laggron
47%
183 Marill
47%
177 Natu
47%
255 Poussifeu
47%
243 Raikou
47%
245 Suicune
47%
175 Togepi
47%
176 Togetic
47%
178 Xatu
47%
252 Arcko
46%
262 Grahyèna
46%
273 Grainipiot
46%
277 Hélédelle
46%
254 Jungko
46%
264 Linéon
46%
271 Lombre
46%
272 Ludicolo
46%
253 Massko
46%
261 Medhyèna
46%
270 Nénupiot
46%
276 Nirondelle
46%
172 Pichu
46%
274 Pifeuil
46%
275 Tengalice
46%
263 Zigzaton
46%
283 Arakdo
44%
266 Armulys
44%
285 Balignon
44%
279 Bekipan
44%
268 Blindalys
44%
286 Chapignon
44%
267 Charmillon
44%
265 Chenipotte
44%
189 Cotovol
44%
188 Floravol
44%
282 Gardevoir
44%
278 Goélise
44%
187 Granivol
44%
182 Joliflor
44%
281 Kirlia
44%
284 Maskadra
44%
173 Mélo
44%
289 Monaflèmit
44%
269 Papinox
44%
287 Parecool
44%
185 Simularbre
44%
280 Tarsal
44%
174 Toudoudou
44%
288 Vigoroth
44%
359 Absol
43%
416 Apireine
43%
415 Apitrini
43%
388 Boskara
43%
295 Brouhabam
43%
400 Castorno
43%
413 Cheniselle
43%
412 Cheniti
43%
391 Chimpenfeu
43%
293 Chuchmur
43%
366 Coquiperl
43%
401 Crikzik
43%
386 Deoxys
43%
371 Draby
43%
372 Drackhaus
43%
373 Drattak
43%
398 Étouraptor
43%
396 Étourmi
43%
397 Étourvol
43%
200 Feuforêve
43%
383 Groudon
43%
385 Jirachi
43%
399 Keunotor
43%
382 Kyogre
43%
380 Latias
43%
381 Latios
43%
403 Lixy
43%
370 Lovdisc
43%
404 Luxio
43%
405 Luxray
43%
402 Mélokrik
43%
376 Métalosse
43%
375 Métang
43%
292 Munja
43%
290 Ningale
43%
291 Ninjask
43%
390 Ouisticram
43%
414 Papilord
43%
395 Pingoléon
43%
394 Prinplouf
43%
294 Ramboum
43%
384 Rayquaza
43%
378 Regice
43%
377 Regirock
43%
379 Registeel
43%
369 Relicanth
43%
368 Rosabyss
43%
407 Roserade
43%
406 Rozbouton
43%
367 Serpang
43%
392 Simiabraz
43%
186 Tarpaud
43%
374 Terhal
43%
393 Tiplouf
43%
389 Torterra
43%
387 Tortipouss
43%
347 Anorith
42%
348 Armaldo
42%
194 Axoloto
42%
349 Barpau
42%
411 Bastiodon
42%
354 Branette
42%
323 Camérupt
42%
190 Capumain
42%
322 Chamallot
42%
409 Charkos
42%
324 Chartor
42%
198 Cornèbre
42%
301 Delcatty
42%
410 Dinoclier
42%
309 Dynavolt
42%
241 Écrémeuh
42%
310 Élecsprint
42%
239 Élekid
42%
358 Éoko
42%
305 Galegon
42%
304 Galekid
42%
306 Galeking
42%
326 Groret
42%
192 Héliatronc
42%
365 Kaimorse
42%
352 Kecleon
42%
328 Kraknoix
42%
408 Kranidos
42%
242 Leuphorie
42%
330 Libégon
42%
345 Lilia
42%
238 Lippouti
42%
314 Lumivole
42%
240 Magby
42%
195 Maraiste
42%
350 Milobellus
42%
313 Muciole
42%
312 Négapi
42%
363 Obalie
42%
360 Okéoké
42%
417 Pachirisu
42%
364 Phogleur
42%
353 Polichombr
42%
311 Posipi
42%
199 Roigada
42%
315 Rosélia
42%
355 Skelénox
42%
300 Skitty
42%
327 Spinda
42%
325 Spoink
42%
299 Tarinor
42%
302 Ténéfix
42%
356 Téraclope
42%
191 Tournegrin
42%
357 Tropius
42%
346 Vacilys
42%
329 Vibraninf
42%
320 Wailmer
42%
321 Wailord
42%
193 Yanma
42%
317 Avaltout
41%
343 Balbuto
41%
340 Barbicha
41%
339 Barloche
41%
331 Cacnea
41%
332 Cacturne
41%
318 Carvanha
41%
420 Ceribou
41%
421 Ceriflor
41%
308 Charmina
41%
205 Foretress
41%
203 Girafarig
41%
316 Gloupti
41%
297 Hariyama
41%
344 Kaorine
41%
296 Makuhita
41%
335 Mangriff
41%
307 Méditikka
41%
196 Mentali
41%
351 Morphéo
41%
303 Mysdibule
41%
197 Noctali
41%
362 Oniglali
41%
204 Pomdepik
41%
235 Queulorior
41%
202 Qulbutoké
41%
337 Séléroc
41%
336 Séviper
41%
319 Sharpedo
41%
338 Solaroc
41%
361 Stalgamin
41%
216 Teddiursa
41%
217 Ursaring
41%
201 Zarbi
41%
227 Airmure
40%
334 Altaria
40%
298 Azurill
40%
424 Capidextre
40%
213 Caratroc
40%
212 Cizayox
40%
221 Cochignon
40%
342 Colhomard
40%
222 Corayon
40%
236 Debugant
40%
229 Démolosse
40%
232 Donphan
40%
341 Écrapince
40%
215 Farfuret
40%
230 Hyporoi
40%
237 Kapoera
40%
218 Limagma
40%
228 Malosse
40%
220 Marcacrin
40%
501 Moustillon
40%
418 Mustébouée
40%
419 Mustéflott
40%
224 Octillery
40%
231 Phanpy
40%
223 Rémoraid
40%
422 Sancoki
40%
207 Scorplane
40%
208 Steelix
40%
423 Tritosor
40%
333 Tylton
40%
494 Victini
40%
219 Volcaropod
40%
493 Arceus
39%
425 Baudrive
39%
460 Blizzaroi
39%
459 Blizzi
39%
465 Bouldeneu
39%
234 Cerfrousse
39%
503 Clamiral
39%
454 Coatox
39%
430 Corboss
39%
463 Coudlangue
39%
453 Cradopaud
39%
491 Darkrai
39%
461 Dimoret
39%
452 Drascore
39%
466 Élekable
39%
210 Granbull
39%
426 Grodrive
39%
499 Grotichon
39%
498 Gruikui
39%
450 Hippodocus
39%
449 Hippopotas
39%
206 Insolourdo
39%
427 Laporeille
39%
496 Lianaja
39%
428 Lockpin
39%
467 Maganon
39%
429 Magirêve
39%
497 Majaspic
39%
508 Mastouffe
39%
502 Mateloutre
39%
505 Miradar
39%
507 Ponchien
39%
506 Ponchiot
39%
233 Porygon2
39%
211 Qwilfish
39%
451 Rapion
39%
504 Ratentif
39%
464 Rhinastoc
39%
500 Roitiflam
39%
214 Scarhino
39%
492 Shaymin
39%
209 Snubbull
39%
495 Vipélierre
39%
458 Babimanta
38%
509 Chacripan
38%
432 Chaffreux
38%
431 Chaglam
38%
482 Créfadet
38%
481 Créfollet
38%
480 Créhelf
38%
488 Cresselia
38%
226 Démanta
38%
483 Dialga
38%
456 Écayon
38%
511 Feuillajou
38%
512 Feuiloutan
38%
513 Flamajou
38%
514 Flamoutan
38%
515 Flotajou
38%
516 Flotoutan
38%
475 Gallame
38%
487 Giratina
38%
471 Givrali
38%
485 Heatran
38%
433 Korillon
38%
510 Léopardus
38%
448 Lucario
38%
457 Luminéon
38%
462 Magnézone
38%
490 Manaphy
38%
478 Momartik
38%
479 Motisma
38%
435 Moufflair
38%
434 Moufouette
38%
531 Nanméouïe
38%
484 Palkia
38%
489 Phione
38%
470 Phyllali
38%
486 Regigigas
38%
447 Riolu
38%
455 Vortente
38%
469 Yanmega
38%
437 Archéodong
37%
436 Archéomire
37%
550 Bargantua
37%
536 Batracné
37%
534 Bétochef
37%
545 Brutapode
37%
225 Cadoizo
37%
445 Carchacrok
37%
444 Carmache
37%
532 Charpenti
37%
527 Chovsourir
37%
520 Colombeau
37%
541 Couverdure
37%
537 Crapustule
37%
553 Crocorible
37%
555 Darumacho
37%
554 Darumarond
37%
521 Déflaisan
37%
552 Escroco
37%
525 Géolithe
37%
526 Gigalithe
37%
443 Griknot
37%
538 Judokrak
37%
539 Karaclée
37%
540 Larveyette
37%
473 Mammochon
37%
542 Manternel
37%
438 Manzaï
37%
556 Maracachi
37%
551 Mascaïman
37%
439 Mime Jr.
37%
530 Minotaupe
37%
517 Munna
37%
518 Mushana
37%
477 Noctunoir
37%
524 Nodulithe
37%
533 Ouvrifier
37%
441 Pijako
37%
519 Poichigeon
37%
474 Porygon-Z
37%
440 Ptiravi
37%
528 Rhinolove
37%
529 Rototaupe
37%
544 Scobolide
37%
472 Scorvol
37%
442 Spiritomb
37%
468 Togekiss
37%
535 Tritonde
37%
543 Venipatte
37%
522 Zébibron
37%
523 Zéblitz
37%
567 Aéroptéryx
36%
602 Anchwatt
36%
566 Arkéapti
36%
588 Carabing
36%
564 Carapagos
36%
548 Chlorobule
36%
600 Clic
36%
601 Cliticlic
36%
546 Doudouvet
36%
547 Farfaduvet
36%
549 Fragilady
36%
607 Funécire
36%
446 Goinfrex
36%
597 Grindur
36%
603 Lampéroie
36%
589 Lançargot
36%
664 Lépidonille
36%
609 Lugulabre
36%
565 Mégapagos
36%
593 Moyade
36%
598 Noacier
36%
604 Ohmassacre
36%
665 Pérégrain
36%
666 Prismillon
36%
476 Tarinorme
36%
599 Tic
36%
562 Tutafeh
36%
563 Tutankafer
36%
592 Viskuse
36%
658 Amphinobi
34%
560 Baggaïd
34%
559 Baggiguane
34%
652 Blindépique
34%
651 Boguérisse
34%
662 Braisillon
34%
572 Chinchidou
34%
580 Couaneton
34%
558 Crabaraque
34%
557 Crabicoque
34%
657 Croâporal
34%
587 Emolga
34%
616 Escargaume
34%
653 Feunnec
34%
663 Flambusard
34%
655 Goupelin
34%
656 Grenousse
34%
586 Haydaim
34%
581 Lakmécygne
34%
617 Limaspeed
34%
650 Marisson
34%
578 Méios
34%
575 Mesmérella
34%
568 Miamiasme
34%
569 Miasmax
34%
596 Mygavolt
34%
577 Nucléos
34%
573 Pashmilla
34%
661 Passerouge
34%
654 Roussil
34%
574 Scrutella
34%
576 Sidérella
34%
582 Sorbébé
34%
584 Sorbouboul
34%
583 Sorboul
34%
595 Statitik
34%
579 Symbios
34%
585 Vivaldaim
34%
571 Zoroark
34%
570 Zorua
34%
631 Aflamanoir
33%
641 Boréas
33%
638 Cobaltium
33%
610 Coupenotte
33%
561 Cryptéro
33%
645 Démétéros
33%
634 Diamat
33%
660 Excavarenne
33%
632 Fermite
33%
669 Flabébé
33%
670 Floette
33%
671 Florges
33%
642 Fulguris
33%
627 Furaiglon
33%
591 Gaulet
33%
649 Genesect
33%
628 Gueriaigle
33%
667 Hélionceau
33%
615 Hexagel
33%
611 Incisache
33%
647 Keldeo
33%
619 Kungfouine
33%
646 Kyurem
33%
605 Lewsor
33%
618 Limonde
33%
594 Mamanbo
33%
608 Mélancolux
33%
648 Meloetta
33%
606 Neitram
33%
668 Némélios
33%
614 Polagriffe
33%
613 Polarhume
33%
637 Pyrax
33%
636 Pyronille
33%
643 Reshiram
33%
659 Sapereau
33%
624 Scalpion
33%
625 Scalproie
33%
620 Shaofouine
33%
633 Solochi
33%
639 Terrakium
33%
612 Tranchodon
33%
635 Trioxhydre
33%
590 Trompignon
33%
630 Vaututrice
33%
640 Viridium
33%
629 Vostourno
33%
644 Zekrom
33%
672 Cabriolaine
32%
673 Chevroum
32%
676 Couafarel
32%
621 Drakkarmin
32%
626 Frison
32%
623 Golemastoc
32%
622 Gringolem
32%
675 Pandarbare
32%
674 Pandespiègle
32%
683 Cocotine
31%
685 Cupcanaille
31%
680 Dimoclès
31%
681 Exagide
31%
682 Fluvetin
31%
678 Mistigrix
31%
679 Monorpale
31%
688 Opermine
31%
677 Psystigri
31%
684 Sucroquin
31%
719 Diancie
30%
694 Galvaran
30%
689 Golgopathe
30%
720 Hoopa
30%
695 Iguolta
30%
691 Kravarech
30%
690 Venalgue
30%
721 Volcanion
30%
698 Amagara
29%
724 Archéduc
29%
711 Banshitrouye
29%
733 Bazoucan
29%
742 Bombydou
29%
722 Brindibou
29%
708 Brocélôme
29%
715 Bruyverne
29%
737 Chrysapile
29%
705 Colimucus
29%
709 Desséliande
29%
699 Dragmara
29%
723 Efflèche
29%
727 Félinferno
29%
725 Flamiaou
29%
692 Flingouste
29%
693 Gamblast
29%
712 Grelaçon
29%
736 Larvibule
29%
745 Lougaroc
29%
738 Lucanon
29%
726 Matoufeu
29%
704 Mucuscule
29%
706 Muplodocus
29%
730 Oratoria
29%
728 Otaquin
29%
729 Otarlette
29%
731 Picassaut
29%
732 Piclairon
29%
710 Pitrouille
29%
696 Ptyranidur
29%
697 Rexillius
29%
744 Rocabot
29%
743 Rubombelle
29%
686 Sepiatop
29%
687 Sepiatroce
29%
713 Séracrawl
29%
714 Sonistrelle
29%
716 Xerneas
29%
717 Yveltal
29%
718 Zygarde
29%
735 Argouste
28%
762 Candine
28%
702 Dedenne
28%
746 Froussardine
28%
734 Manglouton
28%
700 Nymphali
28%
741 Plumeline
28%
748 Prédastérie
28%
703 Strassie
28%
707 Trousselin
28%
747 Vorastérie
28%
751 Araqua
27%
750 Bourrinos
27%
701 Brutalibré
27%
739 Crabagarre
27%
740 Crabominable
27%
761 Croquine
27%
754 Floramantis
27%
764 Guérilande
27%
753 Mimantis
27%
763 Sucreine
27%
752 Tarenbulle
27%
749 Tiboudet
27%
769 Bacabouh
26%
782 Bébécaille
26%
776 Boumata
26%
779 Denticrisse
26%
775 Dodoala
26%
780 Draïeul
26%
783 Écaïd
26%
784 Ékaïser
26%
765 Gouroutan
26%
758 Malamandre
26%
774 Météno
26%
778 Mimiqui
26%
766 Quartermac
26%
773 Silvallié
26%
788 Tokopisco
26%
786 Tokopiyon
26%
785 Tokorico
26%
787 Tokotoro
26%
770 Trépassable
26%
757 Tritox
26%
772 Type:0
26%
805 Ama-Ama
24%
817 Arrozard
24%
811 Badabouin
24%
797 Bamboiselle
24%
796 Câblifère
24%
795 Cancrelove
24%
771 Concombaffe
24%
789 Cosmog
24%
790 Cosmovum
24%
799 Engloutyran
24%
813 Flambino
24%
812 Gorythmic
24%
798 Katagami
24%
756 Lampignon
24%
814 Lapyro
24%
816 Larméléon
24%
818 Lézargus
24%
792 Lunala
24%
801 Magearna
24%
804 Mandrillon
24%
802 Marshadow
24%
809 Melmetal
24%
808 Meltan
24%
794 Mouscoto
24%
800 Necrozma
24%
810 Ouistempo
24%
806 Pierroteknik
24%
815 Pyrobut
24%
819 Rongourmand
24%
768 Sarmuraï
24%
781 Sinistrail
24%
791 Solgaleo
24%
767 Sovkipou
24%
755 Spododo
24%
777 Togedemaru
24%
803 Vémini
24%
807 Zeraora
24%
793 Zéroïd
24%
822 Bleuseille
23%
760 Chelours
23%
825 Coléodôme
23%
823 Corvaillus
23%
827 Goupilou
23%
821 Minisange
23%
759 Nounourson
23%
820 Rongrigou
23%
828 Roublenard
23%
824 Larvadar
22%
832 Moumouflon
22%
831 Moumouton
22%
826 Astronelle
21%
830 Blancoton
21%
837 Charbi
21%
836 Fulgudog
21%
833 Khélocrok
21%
839 Monthracite
21%
834 Torgamord
21%
829 Tournicoton
21%
835 Voltoutou
21%
838 Wagomine
21%
842 Dratatin
20%
841 Pomdrapi
20%
848 Toxizap
20%
840 Verpom
20%
856 Bibichut
19%
844 Dunaconda
19%
843 Dunaja
19%
846 Embrochet
19%
850 Grillepattes
19%
847 Hastacuda
19%
853 Krakos
19%
845 Nigosier
19%
855 Polthégeist
19%
852 Poulpaf
19%
849 Salarsen
19%
851 Scolocendre
19%
854 Théffroi
19%
905 Amovénus
18%
861 Angoliath
18%
896 Blizzeval
18%
899 Cerbyllin
18%
857 Chapotus
18%
860 Fourbelin
18%
859 Grimalin
18%
900 Hachécateur
18%
858 Sorcilence
18%
897 Spectreval
18%
898 Sylveroy
18%
893 Zarude
18%
873 Beldeneige
17%
863 Berserkatt
17%
913 Canarbello
17%
909 Chochodile
17%
912 Coiffeton
17%
910 Crocogril
17%
886 Dispareptil
17%
874 Dolman
17%
884 Duralugon
17%
890 Éthernatos
17%
885 Fantyrm
17%
911 Flâmigator
17%
916 Fragroin
17%
872 Frissonille
17%
881 Galvagla
17%
880 Galvagon
17%
915 Gourmelet
17%
870 Hexadron
17%
883 Hydragla
17%
882 Hydragon
17%
907 Matourgeon
17%
908 Miascarade
17%
865 Palarticho
17%
914 Palmaval
17%
906 Poussacha
17%
904 Qwilpik
17%
895 Regidrago
17%
894 Regieleki
17%
892 Shifours
17%
901 Ursaking
17%
891 Wushours
17%
888 Zacian
17%
889 Zamazenta
17%
875 Bekaglaçon
16%
878 Charibari
16%
869 Charmilly
16%
864 Corayôme
16%
868 Crèmy
16%
903 Farfurex
16%
918 Filentrappe
16%
920 Gambex
16%
862 Ixon
16%
887 Lanssorien
16%
919 Lilliterelle
16%
866 M. Glaquette
16%
877 Morpeko
16%
879 Pachyradjah
16%
902 Paragruel
16%
917 Tissenboule
16%
867 Tutétékri
16%
871 Wattapik
16%
876 Wimessir
16%
927 Briochien
14%
925 Famignol
14%
1000 Gromago
14%
1007 Koraidon
14%
1008 Miraidon
14%
928 Olivini
14%
926 Pâtachiot
14%
921 Pohm
14%
923 Pohmarmotte
14%
922 Pohmotte
14%
930 Arboliva
13%
924 Compagnol
13%
999 Mordudor
13%
929 Olivado
13%
933 Amassel
12%
939 Ampibidou
12%
934 Gigansel
12%
944 Gribouraigne
12%
932 Selutin
12%
945 Tag-Tag
12%
931 Tapatoès
12%
938 Têtampoule
12%
943 Dogrino
11%
942 Grondogue
11%
1004 Yuyu
11%
1002 Baojian
10%
936 Carmadura
10%
935 Charbambin
10%
1001 Chongjian
10%
997 Cryodo
10%
1003 Dinglu
10%
996 Frigodo
10%
941 Fulgulairo
10%
1006 Garde-de-Fer
10%
998 Glaivodo
10%
985 Hurle-Queue
10%
937 Malvalame
10%
994 Mite-de-Fer
10%
992 Paume-de-Fer
10%
1005 Rugit-Lune
10%
993 Têtes-de-Fer
10%
940 Zapétrel
10%
954 Bérasca
9%
995 Épine-de-Fer
9%
955 Flotillon
9%
987 Flotte-Mèche
9%
986 Fongus-Furie
9%
984 Fort-Ivoire
9%
991 Hotte-de-Fer
9%
953 Léboulérou
9%
989 Pelage-Sablé
9%
951 Pimito
9%
988 Rampe-Ailes
9%
990 Roue-de-Fer
9%
952 Scovilain
9%
948 Terracool
9%
949 Terracruel
9%
947 Virevorreur
9%
946 Virovent
9%
975 Balbalèze
8%
956 Cléopsytra
8%
950 Craparoi
8%
976 Délestin
8%
982 Deusolourdo
8%
963 Dofin
8%
981 Farigiraf
8%
978 Nigirigon
8%
977 Oyacata
8%
974 Piétacé
8%
964 Superdofin
8%
980 Terraiste
8%
979 Courrousinge
7%
968 Ferdeter
7%
970 Floréclat
7%
969 Germéclat
7%
962 Lestombaile
7%
983 Scalpereur
7%
960 Taupikeau
7%
972 Tomberro
7%
971 Toutombe
7%
961 Triopikeau
7%
965 Vrombi
7%
966 Vrombotor
7%
973 Flamenroule
6%
967 Motorizard
6%
959 Forgelina
4%
958 Forgella
4%
957 Forgerette
4%
Aucun quiz correspondant
Distribution des résultats
% des personnes avec chaque résultat
Percentile par nombre de réponses
Votre historique - résultats
Vous n’avez pas pris ce quiz depuis la dernière actualisation